[Event "LII Festival A"]
[Site "Imperia ITA"]
[Date "2010.08.30"]
[Round "2"]
[White "Formento, Paolo"]
[Black "Cavatorta, Fosco"]
[WhiteElo "1904"]
[BlackElo "1965"]
[Result "1-0"]
[PlyCount "135"]
[EventDate "2010.08.29"]

1. e4 d6 2. d4 Nf6 3. Nc3 e5 4. dxe5 dxe5 5. Qxd8+ Kxd8 6. Bg5 Be6 7. O-O-O+
Nbd7 8. Nf3 Bd6 9. Bb5 h6 10. Bxd7 Kxd7 11. Nxe5+ Ke7 12. Bxf6+ gxf6 13. Nd3 c6
14. f4 Rhg8 15. g3 h5 16. f5 Bc4 17. Rde1 Rae8 18. Ne2 h4 19. Rhg1 hxg3 20.
Nxg3 Bxd3 21. cxd3 Rh8 22. Re2 Be5 23. Reg2 Rd8 24. Kc2 Rh3 25. b3 Rdh8 26. Nf1
Bxh2 27. Nxh2 Rxh2 28. Kc3 Rxg2 29. Rxg2 Rh3 30. Rg8 Rh2 31. a4 b5 32. axb5
cxb5 33. Rb8 a6 34. Rb7+ Ke8 35. Ra7 Ra2 36. Kb4 Rd2 37. Rxa6 Rxd3 38. Rxf6
Rd4+ 39. Kxb5 Rxe4 40. Rc6 Kd7 41. Rc5 f6 42. b4 Re8 43. Kc4 Kd6 44. Kd4 Re1
45. Ra5 Rd1+ 46. Ke4 Re1+ 47. Kf4 Rf1+ 48. Kg4 Rg1+ 49. Kh5 Rg5+ 50. Kh6 Rg4
51. b5 Rg3 52. Kh7 Rg5 53. b6 Kc6 54. Rb5 Kb7 55. Rd5 Kxb6 56. Rd6+ Kc7 57.
Rxf6 Kd7 58. Kh6 Rg8 59. Re6 Rg1 60. Re2 Rf1 61. Kg6 Rf3 62. f6 Rf1 63. Kg7
Rg1+ 64. Kf8 Rf1 65. f7 Ra1 66. Re4 Rg1 67. Rd4+ Ke6 68. Ke8 1-0

[Event "LII Festival A"]
[Site "Imperia ITA"]
[Date "2010.08.30"]
[Round "2"]
[White "Luciani, Valerio"]
[Black "Dritsakos, Alessio"]
[WhiteElo "2210"]
[BlackElo "1930"]
[Result "1-0"]
[PlyCount "71"]
[EventDate "2010.08.29"]

1. d4 d5 2. c4 e6 3. Nc3 c6 4. e4 dxe4 5. f3 Bb4 6. a3 Qa5 7. Bd2 e3 8. Bxe3
Bxc3+ 9. bxc3 Qxc3+ 10. Kf2 Ne7 11. Bd3 Nf5 12. Bxf5 exf5 13. Qc1 Qxc1 14. Rxc1
Be6 15. Ne2 Nd7 16. Rhd1 Nb6 17. d5 cxd5 18. Bxb6 axb6 19. cxd5 Bd7 20. Rc7 b5
21. Rxb7 O-O-O 22. Ra7 Kb8 23. Ra5 Kb7 24. Rb1 Kb6 25. Ra4 Ra8 26. Nc3 Rac8 27.
Nxb5 Bxb5 28. Rab4 Rc2+ 29. Kg3 Rc5 30. a4 Rxd5 31. Rxb5+ Kc6 32. Rc1+ Kd6 33.
Rb6+ Ke5 34. Re1+ Kd4 35. Rd1+ Ke5 36. f4+ 1-0

[Event "LII Festival A"]
[Site "Imperia ITA"]
[Date "2010.08.30"]
[Round "2"]
[White "Malano, Francesco"]
[Black "Pesce, Gabriele"]
[WhiteElo "1916"]
[BlackElo "2174"]
[Result "0-1"]
[PlyCount "102"]
[EventDate "2010.08.29"]

1. Nf3 Nf6 2. g3 g6 3. b3 Bg7 4. Bb2 c5 5. c4 O-O 6. Bg2 e6 7. O-O d5 8. cxd5
exd5 9. e3 Nc6 10. d4 Ne4 11. Nc3 Re8 12. Rc1 cxd4 13. exd4 Bg4 14. Ne2 Bh6 15.
Ra1 Bxf3 16. Bxf3 Nd2 17. Nc3 Qf6 18. Nxd5 Qxf3 19. Qxf3 Nxf3+ 20. Kg2 Nfxd4
21. Nf6+ Kf8 22. Ba3+ Kg7 23. Nxe8+ Rxe8 24. Rfe1 Rd8 25. Bb2 Bg5 26. Rad1 Bf6
27. Re4 Ne6 28. Rxd8 Nexd8 29. Bc1 Ne6 30. Be3 Nc7 31. f4 Nd5 32. Bd2 Bc3 33.
Bc1 f5 34. Re6 Kf7 35. Rd6 Nf6 36. Be3 Bb4 37. Rd1 Ke6 38. Kf3 Ne4 39. a4 a6
40. Bb6 Nd2+ 41. Ke2 Nxb3 42. Rb1 Bc5 43. Kd3 Nb4+ 44. Kc4 Nd2+ 45. Kxc5 Nd3+
46. Kd4 Nxb1 47. Kxd3 Kd5 48. Bd8 Na3 49. h3 h5 50. Be7 Nc4 51. Bd8 Nb2+ 0-1

[Event "LII Festival A"]
[Site "Imperia ITA"]
[Date "2010.08.30"]
[Round "2"]
[White "Morselli, Stefano"]
[Black "Cornaggia, Ranieri"]
[WhiteElo "1924"]
[BlackElo "1994"]
[Result "0-1"]
[PlyCount "52"]
[EventDate "2010.08.29"]

1. g3 g6 2. Bg2 Bg7 3. Nf3 e5 4. d3 d6 5. O-O Nh6 6. Nc3 O-O 7. e4 c6 8. Bd2
Na6 9. Qc1 Ng4 10. h3 Nf6 11. Nh4 Nc7 12. f4 Nh5 13. f5 Nxg3 14. Rf3 Nh5 15.
fxg6 fxg6 16. Bg5 Qe8 17. Qd2 Ne6 18. Bh6 Bd7 19. Raf1 Qe7 20. Bxg7 Kxg7 21.
Nf5+ gxf5 22. exf5 Nef4 23. Ne2 Rxf5 24. Re1 Qg5 25. Nxf4 Nxf4 26. Qf2 Nxh3+
0-1

[Event "LII Festival A"]
[Site "Imperia ITA"]
[Date "2010.08.30"]
[Round "2"]
[White "Payen, Arnaud"]
[Black "Miturova, Magdalena"]
[WhiteElo "2372"]
[BlackElo "2086"]
[Result "1-0"]
[PlyCount "83"]
[EventDate "2010.08.29"]

1. Nf3 Nf6 2. c4 g6 3. Nc3 Bg7 4. g3 O-O 5. Bg2 d6 6. O-O Nc6 7. d3 e5 8. Rb1
Nd4 9. Nd2 c6 10. b4 a6 11. Bb2 Nh5 12. e3 Ne6 13. e4 Bh6 14. Nb3 Ng5 15. h4
Ne6 16. d4 Bg7 17. dxe5 dxe5 18. Qxd8 Rxd8 19. Na4 Rb8 20. Bh3 b5 21. cxb5 cxb5
22. Nc3 Nf6 23. Bxe6 Bxe6 24. Nc5 Bc4 25. Rfd1 a5 26. bxa5 Bf8 27. Rxd8 Rxd8
28. Nb7 Ra8 29. Rd1 Bb4 30. Nd5 Bxd5 31. exd5 Nd7 32. Rd3 f6 33. Rb3 Nc5 34.
Nxc5 Bxc5 35. Rxb5 Bd6 36. Kg2 Bc7 37. Bc3 Kf8 38. Bb4+ Ke8 39. Rb7 Bxa5 40.
Re7+ Kd8 41. Rxh7 Ra6 42. Bc5 1-0

[Event "LII Festival A"]
[Site "Imperia ITA"]
[Date "2010.08.30"]
[Round "2"]
[White "Pienabarca, Nicola"]
[Black "Jurek, Josef"]
[WhiteElo "2068"]
[BlackElo "2352"]
[Result "0-1"]
[PlyCount "166"]
[EventDate "2010.08.29"]

1. d4 Nf6 2. Nf3 e6 3. g3 b5 4. Bg2 Bb7 5. O-O c5 6. c3 Be7 7. Bg5 Na6 8. a4 b4
9. Qd3 Rc8 10. Ne5 Bxg2 11. Kxg2 Qb6 12. Nd2 O-O 13. Qb5 Nb8 14. Qxb6 axb6 15.
Nec4 h6 16. Bxf6 Bxf6 17. Nxb6 Rc6 18. dxc5 bxc3 19. bxc3 Bxc3 20. Ra2 d6 21.
a5 dxc5 22. Ne4 Bb4 23. Rd1 f5 24. Nd6 Rd8 25. Nbc4 Ra6 26. Raa1 Nc6 27. Nb7
Rd5 28. f3 Ra7 29. a6 Nb8 30. Nd8 Rxa6 31. Rxa6 Nxa6 32. Ra1 Rxd8 33. Rxa6 Rd4
34. Ne5 Rd2 35. Kf2 Bc3 36. Rxe6 Bd4+ 37. Ke1 Rc2 38. Kd1 Rc3 39. h4 c4 40. h5
Be3 41. Re8+ Kh7 42. Nd3 cxd3 43. Rxe3 dxe2+ 44. Kxe2 Rc2+ 45. Kf1 Rh2 46. g4
Rh4 47. Kg2 fxg4 48. Kg3 Rxh5 49. fxg4 Ra5 50. Re6 Rg5 51. Kh4 Rg6 52. Re8 Ra6
53. Rb8 Ra3 54. Rb7 Rf3 55. Ra7 Re3 56. Rb7 Kg8 57. Kh5 Kh7 58. Kh4 Kg6 59.
Rb6+ Kf7 60. Rb7+ Kf6 61. Rb6+ Kf7 62. Rb7+ Kg8 63. Kh5 Re5+ 64. Kh4 Kh7 65.
Ra7 Re6 66. Rb7 Kg6 67. Rb5 Rf6 68. Rb7 Ra6 69. Rc7 Kf6 70. Rc3 g6 71. Rf3+ Kg7
72. Rb3 Kf7 73. Rf3+ Ke7 74. Rf2 Ra5 75. Re2+ Kf6 76. Rf2+ Ke6 77. Rf8 Ra3 78.
Rf2 Ke5 79. Rb2 Kf4 80. Rb4+ Kf3 81. Rb6 Ra1 82. Rf6+ Kg2 83. g5 Ra4+ 0-1

[Event "LII Festival A"]
[Site "Imperia ITA"]
[Date "2010.08.30"]
[Round "2"]
[White "Poloch, Petr"]
[Black "Tomassoni, Leonardo"]
[WhiteElo "2268"]
[BlackElo "1935"]
[Result "1-0"]
[PlyCount "51"]
[EventDate "2010.08.29"]

1. c4 Nf6 2. Nc3 e6 3. e4 d6 4. d4 Be7 5. Nf3 Nc6 6. Be2 O-O 7. O-O Nd7 8. Be3
a6 9. Rc1 Rb8 10. Qd2 b6 11. d5 Nce5 12. Nd4 Bb7 13. dxe6 Nc5 14. exf7+ Rxf7
15. f3 Qd7 16. Nd5 Bf6 17. b4 Ne6 18. f4 Nxd4 19. Bxd4 Nc6 20. Bxf6 gxf6 21.
Bh5 Rff8 22. Qc3 Qe6 23. Rce1 Rbc8 24. Rf3 Ne7 25. Rg3+ Kh8 26. Bg4 1-0

[Event "LII Festival A"]
[Site "Imperia ITA"]
[Date "2010.08.30"]
[Round "2"]
[White "Rombaldoni, Denis"]
[Black "Mitura, Vaclav"]
[WhiteElo "2493"]
[BlackElo "2150"]
[Result "1-0"]
[PlyCount "75"]
[EventDate "2010.08.29"]

1. d4 d5 2. Nf3 c6 3. Bf4 Bf5 4. e3 Nf6 5. Bd3 Bg6 6. Ne5 e6 7. Nxg6 hxg6 8.
Nd2 Bd6 9. Qf3 Qe7 10. c4 e5 11. dxe5 Bxe5 12. O-O-O Nbd7 13. cxd5 Nxd5 14. Nc4
O-O-O 15. Kb1 Nxf4 16. exf4 Bc7 17. Bc2 Qf6 18. g3 Kb8 19. Qa3 Nb6 20. Ne3
Rxd1+ 21. Rxd1 Rd8 22. h4 Nc8 23. Rxd8 Qxd8 24. Qc3 Qf8 25. a4 Ne7 26. Bb3 f6
27. Qc2 Qd8 28. Bf7 Bb6 29. Kc1 a6 30. Qd2 Qf8 31. Be6 Bc5 32. Nc4 Nf5 33. Qd7
Qe7 34. Bxf5 gxf5 35. Qxe7 Bxe7 36. Ne3 Bc5 37. Nxf5 Bxf2 38. h5 1-0

[Event "LII Festival A"]
[Site "Imperia ITA"]
[Date "2010.08.30"]
[Round "2"]
[White "Sanchez, Joseph"]
[Black "Cugini, Verter"]
[WhiteElo "2479"]
[BlackElo "2122"]
[Result "1-0"]
[PlyCount "47"]
[EventDate "2010.08.29"]

1. e4 e6 2. d4 d5 3. Nc3 Nf6 4. Bg5 Bb4 5. e5 h6 6. Bd2 Bxc3 7. bxc3 Ne4 8. Qg4
g6 9. Bd3 Nxd2 10. Kxd2 c5 11. h4 Nc6 12. Rb1 c4 13. Be2 Ne7 14. Qf4 Nf5 15.
Nf3 Rg8 16. g4 g5 17. hxg5 hxg5 18. Nxg5 Qxg5 19. Qxg5 Rxg5 20. gxf5 Rxf5 21.
Rbg1 Rxf2 22. Rg8+ Kd7 23. Ke3 Rxe2+ 24. Kxe2 1-0

[Event "LII Festival A"]
[Site "Imperia ITA"]
[Date "2010.08.30"]
[Round "2"]
[White "Tomisek, Petr"]
[Black "Zach, Andreas"]
[WhiteElo "1938"]
[BlackElo "2314"]
[Result "1/2-1/2"]
[PlyCount "39"]
[EventDate "2010.08.29"]

1. e4 e6 2. d4 d5 3. Nc3 Be7 4. exd5 exd5 5. Nf3 Nf6 6. Be2 c6 7. O-O O-O 8. h3
Re8 9. Bd3 Nbd7 10. Ne2 Nf8 11. Ng3 Ng6 12. c3 Bf8 13. Qc2 Bd7 14. Bg5 h6 15.
Bxg6 fxg6 16. Qxg6 Re6 17. Bxf6 Rxf6 18. Qd3 Bd6 19. Ne5 Be8 20. Rae1 1/2-1/2

[Event "LII Festival A"]
[Site "Imperia ITA"]
[Date "2010.08.30"]
[Round "2"]
[White "Van der Borck, Alexis"]
[Black "Krouzel, Jaroslav"]
[WhiteElo "1928"]
[BlackElo "2224"]
[Result "0-1"]
[PlyCount "54"]
[EventDate "2010.08.29"]

1. e4 e6 2. d4 d5 3. Nc3 Bb4 4. e5 c5 5. Qg4 Ne7 6. Nf3 Nf5 7. Bd3 h5 8. Qf4
cxd4 9. Nxd4 g5 10. Bb5+ Bd7 11. Bxd7+ Qxd7 12. Qd2 Nxd4 13. Qxd4 Nc6 14. Qd2
d4 15. a3 Ba5 16. b4 Nxb4 17. axb4 Bxb4 18. Bb2 dxc3 19. Bxc3 Qxd2+ 20. Bxd2
Bxd2+ 21. Kxd2 O-O-O+ 22. Ke3 a6 23. Ra5 Rd7 24. h4 g4 25. Rb1 Rc7 26. Ra2 Rd8
27. g3 Rd5 0-1

[Event "LII Festival A"]
[Site "Imperia ITA"]
[Date "2010.08.31"]
[Round "3"]
[White "Cavatorta, Fosco"]
[Black "De Marco, Walter"]
[WhiteElo "1965"]
[BlackElo "1900"]
[Result "0-1"]
[PlyCount "100"]
[EventDate "2010.08.29"]

1. d4 g6 2. e4 Bg7 3. Nf3 d6 4. Nc3 Nf6 5. Be3 c6 6. Qd2 b5 7. Bd3 a6 8. a4 Bb7
9. Ne2 Nbd7 10. Ng3 Ng4 11. Bf4 e5 12. dxe5 dxe5 13. Bg5 f6 14. h3 Nxf2 15.
Qxf2 fxg5 16. Qd2 h6 17. Qe3 O-O 18. c4 Qa5+ 19. Qd2 Qxd2+ 20. Nxd2 Nc5 21. Bc2
Ne6 22. axb5 cxb5 23. cxb5 Nd4 24. Bb3+ Nxb3 25. Nxb3 axb5 26. Ke2 Rfc8 27.
Rhc1 Rxa1 28. Rxc8+ Bxc8 29. Nxa1 g4 30. hxg4 Bxg4+ 31. Kd3 Be6 32. Kc3 Bf8 33.
Nc2 Kf7 34. Nf1 Bc5 35. Nd2 Kf6 36. Nf3 g5 37. b4 Bb6 38. Na3 Bd7 39. Kd3 g4
40. Nh2 h5 41. g3 Kg5 42. Nc2 h4 43. gxh4+ Kxh4 44. Ne3 Bxe3 45. Kxe3 Kg3 46.
Nf1+ Kg2 47. Nd2 Be6 48. Ke2 g3 49. Ke1 Kh1 50. Nf3 Bg4 0-1

[Event "LII Festival A"]
[Site "Imperia ITA"]
[Date "2010.08.31"]
[Round "3"]
[White "Cornaggia, Ranieri"]
[Black "Van Hoolandt, Patrick"]
[WhiteElo "1994"]
[BlackElo "2171"]
[Result "1-0"]
[PlyCount "81"]
[EventDate "2010.08.29"]

1. e4 e5 2. Nf3 Nc6 3. Bb5 Nf6 4. O-O Nxe4 5. d4 Nd6 6. Bxc6 dxc6 7. Nxe5 Nf5
8. Re1 Be6 9. Qh5 g6 10. Nxg6 hxg6 11. Qxh8 Qxd4 12. Qh3 O-O-O 13. Nc3 Bd6 14.
Be3 Qg7 15. Ne4 Be5 16. Rad1 Rh8 17. Bg5 Nd4 18. Qe3 b5 19. f4 Bc4 20. Qd2 Qh7
21. fxe5 Qxh2+ 22. Kf2 Ne6 23. Rh1 Qxe5 24. Rxh8+ Qxh8 25. Qd7+ Kb7 26. Nd6+
Kb6 27. Nxc4+ bxc4 28. Be3+ Kb7 29. Qxf7 Qh4+ 30. Kg1 Qe4 31. Qf3 Qxc2 32. Rc1
Qxb2 33. Qe4 Nc5 34. Qxc4 Na6 35. Qb3+ Qxb3 36. axb3 Nb4 37. Rc4 Nd5 38. Kf2 a5
39. Bd2 Kb6 40. Rg4 Nf6 41. Rxg6 1-0

[Event "LII Festival A"]
[Site "Imperia ITA"]
[Date "2010.08.31"]
[Round "3"]
[White "Cugini, Verter"]
[Black "Morandi, Daniele"]
[WhiteElo "2122"]
[BlackElo "1958"]
[Result "1-0"]
[PlyCount "67"]
[EventDate "2010.08.29"]

1. e4 e5 2. Nf3 Nc6 3. d4 exd4 4. Nxd4 Nf6 5. Nxc6 bxc6 6. e5 Qe7 7. Qe2 Nd5 8.
c4 Ba6 9. Nd2 g6 10. Nf3 Bg7 11. Bg5 Qb4+ 12. Qd2 Qxd2+ 13. Kxd2 Nb6 14. Rc1
O-O 15. Bd3 d6 16. c5 Bxd3 17. cxb6 Be4 18. bxc7 dxe5 19. Ke2 f6 20. Bd2 Bd5
21. b3 f5 22. Ba5 e4 23. Nd2 e3 24. fxe3 Bxg2 25. Rhg1 Bd5 26. Nc4 f4 27. exf4
Rae8+ 28. Kd2 Rxf4 29. Rce1 Rd4+ 30. Kc1 Be4 31. Bc3 Bh6+ 32. Kb2 Bg7 33. Rg4
Rxc4 34. bxc4 1-0

[Event "LII Festival A"]
[Site "Imperia ITA"]
[Date "2010.08.31"]
[Round "3"]
[White "Di Lascio, Savino"]
[Black "Morselli, Stefano"]
[WhiteElo "1910"]
[BlackElo "1924"]
[Result "1-0"]
[PlyCount "89"]
[EventDate "2010.08.29"]

1. e4 g6 2. Nf3 Bg7 3. h4 d6 4. h5 Nf6 5. h6 Bf8 6. Nc3 Bg4 7. d4 Nbd7 8. Bc4
e6 9. Qd3 c5 10. d5 exd5 11. Nxd5 Nxd5 12. Bxd5 Bxf3 13. Qxf3 Ne5 14. Qb3 Rb8
15. f4 c4 16. Qc3 Ng4 17. Qxh8 Qe7 18. Qd4 Nxh6 19. Qxa7 Qc7 20. f5 Ng4 21.
Rxh7 Ne5 22. fxg6 Qd8 23. gxf7+ Kd7 24. Qa4+ Nc6 25. Bxc6+ bxc6 26. Qxc4 Qf6
27. Qf1 Qd4 28. Qf5+ Kc7 29. Qa5+ Kd7 30. Qf5+ Kc7 31. Bd2 Rb5 32. c3 Qd3 33.
Qf3 Qc2 34. Rc1 Qxb2 35. a4 Rb8 36. e5 dxe5 37. Qf6 Rd8 38. Qxe5+ Kb7 39. Qe2
Rd7 40. Be3 Qb3 41. Rh4 Qxf7 42. Rb1+ Kc8 43. Qa6+ Kd8 44. Rb8+ Ke7 45. Bc5+
1-0

[Event "LII Festival A"]
[Site "Imperia ITA"]
[Date "2010.08.31"]
[Round "3"]
[White "Dolezal, Radoslav jr"]
[Black "Poloch, Petr"]
[WhiteElo "2416"]
[BlackElo "2268"]
[Result "1/2-1/2"]
[PlyCount "28"]
[EventDate "2010.08.29"]

1. d4 Nf6 2. Nf3 e6 3. g3 b5 4. Bg2 Bb7 5. O-O c5 6. c3 Nc6 7. Bg5 Qb6 8. Bxf6
gxf6 9. e4 Ne7 10. dxc5 Qxc5 11. Qd4 Qxd4 12. Nxd4 a6 13. a4 b4 14. Nd2 Nc6
1/2-1/2

[Event "LII Festival A"]
[Site "Imperia ITA"]
[Date "2010.08.31"]
[Round "3"]
[White "Formento, Paolo"]
[Black "Pienabarca, Nicola"]
[WhiteElo "1904"]
[BlackElo "2068"]
[Result "0-1"]
[PlyCount "76"]
[EventDate "2010.08.29"]

1. e4 e5 2. Nf3 Nc6 3. Bc4 Nf6 4. d4 exd4 5. e5 d5 6. Bb5 Ne4 7. Nxd4 Bc5 8.
Be3 O-O 9. Nxc6 bxc6 10. Bxc5 Nxc5 11. Bxc6 Bb7 12. Bxb7 Nxb7 13. O-O c6 14.
Nd2 Nc5 15. b4 Nd7 16. Nf3 Qe7 17. Qd4 Rfe8 18. Rfe1 a5 19. b5 cxb5 20. Qxd5 b4
21. Rad1 Nc5 22. Nd4 Ne6 23. Nxe6 Qxe6 24. Qxe6 Rxe6 25. f4 Rc6 26. Re2 Rc3 27.
Rd7 Kf8 28. f5 Rac8 29. e6 fxe6 30. Rxe6 Re8 31. Rxe8+ Kxe8 32. Rxg7 Rxc2 33.
Rxh7 Rxa2 34. Rb7 Rb2 35. Ra7 b3 36. h4 Ra2 37. Kf1 a4 38. Ra8+ Kf7 0-1

[Event "LII Festival A"]
[Site "Imperia ITA"]
[Date "2010.08.31"]
[Round "3"]
[White "Jurek, Josef"]
[Black "Rombaldoni, Denis"]
[WhiteElo "2352"]
[BlackElo "2493"]
[Result "1-0"]
[PlyCount "109"]
[EventDate "2010.08.29"]

1. Nf3 d5 2. d4 Nf6 3. c4 c6 4. Nc3 a6 5. a4 e6 6. g3 Bb4 7. Bg2 O-O 8. O-O a5
9. Qb3 b6 10. cxd5 exd5 11. Ne5 Bb7 12. Bg5 Be7 13. Rfd1 Na6 14. e4 dxe4 15.
Nxe4 Nxe4 16. Bxe7 Qxe7 17. Bxe4 Nb4 18. Rac1 Rac8 19. Qf3 Rfd8 20. Nc4 Qc7 21.
Qf5 g6 22. Qe5 f5 23. Bf3 Qxe5 24. dxe5 Nd3 25. Rc3 Ba6 26. Rcxd3 Rxd3 27. Rxd3
Bxc4 28. Rd6 c5 29. Bd5+ Bxd5 30. Rxd5 Kf7 31. f4 Ke7 32. Rd6 Rb8 33. b3 b5 34.
Ra6 bxa4 35. bxa4 c4 36. Rxa5 Rc8 37. Rb5 c3 38. Rb1 Ke6 39. Kf2 g5 40. Ke3
gxf4+ 41. gxf4 Rc4 42. a5 c2 43. Rc1 Rc3+ 44. Kd4 Rf3 45. Rxc2 Rxf4+ 46. Kc5
Ra4 47. Kb6 f4 48. a6 Kxe5 49. a7 f3 50. Rc8 f2 51. Rf8 Rb4+ 52. Kc5 f1=Q 53.
Rxf1 Ra4 54. Kb6 Ra2 55. Rf8 1-0

[Event "LII Festival A"]
[Site "Imperia ITA"]
[Date "2010.08.31"]
[Round "3"]
[White "Krouzel, Jaroslav"]
[Black "Payen, Arnaud"]
[WhiteElo "2224"]
[BlackElo "2372"]
[Result "0-1"]
[PlyCount "86"]
[EventDate "2010.08.29"]

1. d4 g6 2. c4 Bg7 3. Nc3 c5 4. d5 Bxc3+ 5. bxc3 f5 6. Nf3 d6 7. g3 Qa5 8. Qb3
Nf6 9. Bg2 Nbd7 10. O-O Nb6 11. Ng5 Qa6 12. Ne6 Bxe6 13. dxe6 O-O-O 14. Rb1 Ne4
15. f3 Nf6 16. e4 Qxc4 17. Qxc4 Nxc4 18. exf5 gxf5 19. Bg5 Rdf8 20. Rfe1 h6 21.
Bc1 Kc7 22. Bf1 Ne5 23. Kf2 Nd5 24. Bd2 f4 25. g4 h5 26. g5 h4 27. c4 Ne3 28.
Bxe3 fxe3+ 29. Rxe3 Ng4+ 30. Ke2 Nxe3 31. Kxe3 Rf5 32. f4 d5 33. Bd3 d4+ 34.
Kf3 Rff8 35. Ke4 h3 36. Ke5 Rh4 37. Rf1 Rg4 38. g6 b5 39. f5 bxc4 40. Bxc4 Rg2
41. Bd5 Rxg6 42. Rb1 Rg5 43. Rb7+ Kc8 0-1

[Event "LII Festival A"]
[Site "Imperia ITA"]
[Date "2010.08.31"]
[Round "3"]
[White "Luciani, Valerio"]
[Black "Sanchez, Joseph"]
[WhiteElo "2210"]
[BlackElo "2479"]
[Result "0-1"]
[PlyCount "48"]
[EventDate "2010.08.29"]

1. d4 d5 2. c4 c6 3. Nc3 Nf6 4. cxd5 cxd5 5. Bf4 Nc6 6. e3 a6 7. Bd3 Bg4 8.
Nge2 e6 9. Rc1 Bd6 10. f3 Bh5 11. Qb3 O-O 12. Qxb7 Na5 13. Qxa8 Qxa8 14. Bxd6
Rc8 15. b4 Nc4 16. Bxc4 Rxc4 17. Kf2 Qc6 18. Bc5 Nd7 19. Nf4 Bg6 20. Nxg6 hxg6
21. Rhd1 g5 22. Rd2 f6 23. e4 dxe4 24. d5 Qc8 0-1

[Event "LII Festival A"]
[Site "Imperia ITA"]
[Date "2010.08.31"]
[Round "3"]
[White "Mercandelli, Claudio"]
[Black "Carosso, Andrea"]
[WhiteElo "1903"]
[BlackElo "2032"]
[Result "1-0"]
[PlyCount "71"]
[EventDate "2010.08.29"]

1. Nf3 Nf6 2. c4 c6 3. g3 d5 4. Bg2 dxc4 5. Qc2 b5 6. b3 cxb3 7. axb3 Bb7 8.
Ba3 a5 9. O-O g6 10. Ne5 Qc7 11. d4 Bg7 12. Rc1 Ra6 13. Nd2 O-O 14. Qc5 b4 15.
Bb2 e6 16. Ndc4 Rd8 17. Nxa5 Nfd7 18. Nxd7 Nxd7 19. Qxb4 Rb6 20. Qc3 Nb8 21. e3
Rc8 22. Ba3 Rb5 23. Bc5 Nd7 24. b4 Nf6 25. Bf1 Ne4 26. Qc2 Ng5 27. f4 Nf3+ 28.
Kg2 Nxd4 29. exd4 Rxb4 30. Nxb7 Qxb7 31. Ba6 Qd7 32. Bxc8 Qd5+ 33. Kg1 Rxd4 34.
Qg2 Qb3 35. Bxd4 Bxd4+ 36. Kh1 1-0

[Event "LII Festival A"]
[Site "Imperia ITA"]
[Date "2010.08.31"]
[Round "3"]
[White "Mitura, Vaclav"]
[Black "Van der Borck, Alexis"]
[WhiteElo "2150"]
[BlackElo "1928"]
[Result "1/2-1/2"]
[PlyCount "40"]
[EventDate "2010.08.29"]

1. d4 d5 2. Nf3 e6 3. c4 c5 4. cxd5 exd5 5. Nc3 Nc6 6. g3 Nf6 7. Bg2 Be7 8. O-O
O-O 9. Bg5 Be6 10. Rc1 c4 11. Ne5 Nd7 12. Nxc6 bxc6 13. Bxe7 Qxe7 14. b3 cxb3
15. Qxb3 Rab8 16. Qa4 Nb6 17. Qxc6 Rfc8 18. Qb5 Nc4 19. Qa6 Qd7 20. Qa4 Rc6
1/2-1/2

[Event "LII Festival A"]
[Site "Imperia ITA"]
[Date "2010.08.31"]
[Round "3"]
[White "Miturova, Magdalena"]
[Black "Platino, Maurizio"]
[WhiteElo "2086"]
[BlackElo "1918"]
[Result "1-0"]
[PlyCount "155"]
[EventDate "2010.08.29"]

1. e4 e6 2. d4 d5 3. Nd2 c5 4. exd5 Qxd5 5. Ngf3 cxd4 6. Bc4 Qd6 7. O-O Nf6 8.
Re1 Nc6 9. Nb3 a6 10. Nbxd4 Nxd4 11. Nxd4 Qc7 12. Bb3 Bd6 13. Nf5 Bxh2+ 14. Kh1
O-O 15. Nxg7 Rd8 16. Qf3 Kxg7 17. Bh6+ Kg6 18. c3 Be5 19. Qe3 Ne4 20. Qxe4+
Kxh6 21. Qh4+ Kg7 22. Qg5+ Kf8 23. Rxe5 b5 24. Rae1 Ra7 25. Qh6+ Ke8 26. Qxh7
Qe7 27. a4 Rd2 28. Qh8+ Qf8 29. Qxf8+ Kxf8 30. R1e2 Rxe2 31. Rxe2 Bb7 32. axb5
axb5 33. Rd2 Ke7 34. Kg1 Ra1+ 35. Rd1 Ra8 36. f3 Bc6 37. Kf2 Ra7 38. Ke3 Ra8
39. Rd4 Rg8 40. Rd2 Rg5 41. Bd1 Re5+ 42. Kd3 f5 43. Kc2 Rc5 44. Be2 b4 45. Kb3
bxc3 46. bxc3 Re5 47. Kb4 Re3 48. Bd3 Kf6 49. Kc5 Bb7 50. c4 e5 51. Kb6 Ba8 52.
Bc2 e4 53. fxe4 fxe4 54. c5 Rc3 55. Re2 e3 56. Ba4 Ke7 57. Bc6 Rb3+ 58. Kc7
Bxc6 59. Kxc6 Kd8 60. Re1 Rd3 61. g4 Rd4 62. Rxe3 Rxg4 63. Rd3+ Kc8 64. Rd6 Rg1
65. Rh6 Kd8 66. Rh8+ Ke7 67. Kc7 Rb1 68. Rh2 Ke6 69. Rd2 Rb3 70. c6 Rb1 71. Kc8
Rb3 72. c7 Ke7 73. Re2+ Kf7 74. Re4 Rd3 75. Kb7 Rb3+ 76. Kc6 Rc3+ 77. Kb6 Rb3+
78. Kc5 1-0

[Event "LII Festival A"]
[Site "Imperia ITA"]
[Date "2010.08.31"]
[Round "3"]
[White "Noli, Giovanni"]
[Black "Faraci, Antonino"]
[WhiteElo "1924"]
[BlackElo "1973"]
[Result "0-1"]
[PlyCount "66"]
[EventDate "2010.08.29"]

1. d4 Nf6 2. c4 e6 3. Nc3 Bb4 4. Bg5 h6 5. Bh4 g5 6. Bg3 Ne4 7. Qc2 d5 8. e3 c5
9. a3 Qa5 10. Nge2 cxd4 11. exd4 Nc6 12. Rd1 Be7 13. Qc1 f5 14. cxd5 exd5 15.
Be5 O-O 16. b4 Nxb4 17. axb4 Bxb4 18. Rd3 Bd7 19. f3 Nxc3 20. Nxc3 Rac8 21. Kf2
Bxc3 22. Qb1 Qb4 23. Rd1 Ba4 24. Qxb4 Bxb4 25. Ra1 Rc2+ 26. Kg3 Bd7 27. h3 a5
28. Bd3 Rc3 29. Rhd1 Rfc8 30. h4 g4 31. Kf4 Rf8 32. Rac1 Rxc1 33. Rxc1 Bd2+ 0-1

[Event "LII Festival A"]
[Site "Imperia ITA"]
[Date "2010.08.31"]
[Round "3"]
[White "Pesce, Gabriele"]
[Black "Tomisek, Petr"]
[WhiteElo "2174"]
[BlackElo "1938"]
[Result "1/2-1/2"]
[PlyCount "56"]
[EventDate "2010.08.29"]

1. e4 e5 2. f4 Nc6 3. Nf3 f5 4. Nc3 fxe4 5. Nxe5 Nf6 6. d3 Bb4 7. dxe4 Nxe5 8.
fxe5 Nxe4 9. Qf3 d5 10. exd6 Nf6 11. Bc4 Qxd6 12. O-O Qd4+ 13. Qe3+ Qxe3+ 14.
Bxe3 Bd7 15. Rxf6 Bxc3 16. Bf7+ Ke7 17. Rf3 Bf6 18. Bd5 c6 19. Bc5+ Kd8 20. Bc4
Kc7 21. Rd1 Rad8 22. Rxf6 gxf6 23. Be7 Rde8 24. Bxf6 Rhf8 25. Bh4 Bf5 26. Bg3+
Kc8 27. c3 Rd8 28. Rf1 Bg4 1/2-1/2

[Event "LII Festival A"]
[Site "Imperia ITA"]
[Date "2010.08.31"]
[Round "3"]
[White "Tomassoni, Leonardo"]
[Black "Gioseffi, Massimiliano"]
[WhiteElo "1935"]
[BlackElo "2150"]
[Result "0-1"]
[PlyCount "104"]
[EventDate "2010.08.29"]

1. e4 c5 2. Nf3 e6 3. d4 cxd4 4. Nxd4 Nf6 5. Nc3 d6 6. Be2 Be7 7. Be3 Nc6 8.
O-O O-O 9. Qd2 a6 10. Rad1 Qc7 11. Kh1 Ne5 12. Qc1 b5 13. f4 Nc4 14. Bf3 Bb7
15. a3 Rac8 16. Bd2 Nxd2 17. Qxd2 Nd7 18. Qf2 Nb6 19. Nce2 Nc4 20. b3 Nxa3 21.
Rd2 g6 22. f5 Bg5 23. Rd3 e5 24. fxg6 hxg6 25. Bg4 exd4 26. Bxc8 Qxc8 27. Nxd4
Bxe4 28. Rg3 Bh4 29. Qf4 Bxg3 30. Qxe4 Be5 31. Nf3 Qxc2 32. Qh4 Qf5 33. Qf2 b4
34. Qe2 Qc2 35. Qe3 Qc3 36. Qh6 Bg7 37. Qh4 Bf6 38. Qf4 d5 39. h4 Kg7 40. Rc1
Qb2 41. g4 Qf2 42. Rc6 Bxh4 43. Qe5+ Kg8 44. Qxd5 Rd8 45. Rxg6+ Kf8 46. Rd6
Rxd6 47. Qxd6+ Kg7 48. Qe5+ Bf6 49. Qf4 Nc2 50. Qe4 Ne3 51. Ng5 Qh4+ 52. Kg1
Qxg4+ 0-1

[Event "LII Festival A"]
[Site "Imperia ITA"]
[Date "2010.08.31"]
[Round "3"]
[White "Zach, Andreas"]
[Black "Curtacci, Sergio"]
[WhiteElo "2314"]
[BlackElo "1999"]
[Result "1-0"]
[PlyCount "157"]
[EventDate "2010.08.29"]

1. d4 g6 2. Bf4 Bg7 3. e3 d6 4. Nf3 Nd7 5. h3 e5 6. Bh2 Qe7 7. Be2 Nh6 8. c4
O-O 9. Nc3 c6 10. Qb3 Nf5 11. Rd1 Re8 12. O-O Nh4 13. Nxh4 Qxh4 14. Bg3 Qe7 15.
Ne4 Nf8 16. dxe5 dxe5 17. Nd6 Rd8 18. Nxc8 Raxc8 19. Qa4 a6 20. Qa5 Rxd1 21.
Rxd1 Re8 22. Qb6 Ne6 23. b4 Rd8 24. Rxd8+ Nxd8 25. b5 cxb5 26. cxb5 axb5 27.
Qxb5 h6 28. Bc4 Bf6 29. f3 Kg7 30. Kh2 h5 31. Bd5 h4 32. Bf2 Bg5 33. Qc4 Qd6
34. a4 Qb6 35. Qe4 Bf6 36. Be1 Qc5 37. Bb4 Qc7 38. Be1 Qc5 39. a5 Qc1 40. Bb4
Qc7 41. Bd2 Qd7 42. Be1 Qc7 43. Bb4 Bg5 44. Bd2 Bf6 45. Kg1 Qd7 46. Kf2 Qc7 47.
Ke2 Qc5 48. Qc4 Qd6 49. Bb4 Qd7 50. Bc5 Ne6 51. Bxe6 fxe6 52. Bb6 Kf7 53. Qc7
Qxc7 54. Bxc7 Ke7 55. Kd3 Kd7 56. Bb6 Kd6 57. Ke4 Kd7 58. Bc5 Kc6 59. Bb4 Kb5
60. Bc3 Kc4 61. Bxe5 Bxe5 62. Kxe5 Kb5 63. Kxe6 Kxa5 64. Kd5 b5 65. e4 b4 66.
Kc4 Ka4 67. e5 b3 68. e6 b2 69. e7 Ka3 70. e8=Q b1=Q 71. Qa8+ Kb2 72. Qb7+ Kc1
73. Qxb1+ Kxb1 74. Kd3 Kc1 75. Ke2 Kc2 76. f4 Kc3 77. Ke3 Kc2 78. Ke4 Kd2 79.
f5 1-0